First 16 presidents of the US - Statistics

General Stats
  • This quiz has been taken 520 times
  • The average score is 12 of 16
Answer Stats
Hint Answer % Correct
1789–1797 George Washington
100%
1797–1801 John Adams
99%
1801–1809 Thomas Jefferson
97%
1809–1817 James Madison
92%
1817–1825 James Monroe
92%
1825–1829 John Quincy Adams
87%
1829–1837 Andrew Jackson
84%
1837–1841 Martin Van Buren
76%
1841-1841 William Henry Harrison
67%
1841-1845 John Tyler
63%
1861-1865 Abraham Lincoln
61%
1845-1849 James K. Polk
61%
1849-1850 Zachary Taylor
57%
1850–1853 Millard Fillmore
53%
1857-1861 James Buchanan
50%
1853-1857 Franklin Pierce
47%
No matching quizzes found
Score Distribution
Percent of People with Each Score
Percentile by Number Answered
Your Score History
You have not taken this quiz